LIBRARY ONLINE CATALOGUE

Women and Law (Record no. 17408)

MARC details
000 -LEADER
fixed length control field 00361nam a22001337a 4500
008 - FIXED-LENGTH DATA ELEMENTS--GENERAL INFORMATION
fixed length control field 190201b xxu||||| |||| 00| 0 eng d
020 ## - INTERNATIONAL STANDARD BOOK NUMBER
International Standard Book Number 9382823339
050 ## - LIBRARY OF CONGRESS CALL NUMBER
Classification number KNS516
Item number .T33 2016 c.1
100 ## - MAIN ENTRY--PERSONAL NAME
Personal name Tabasum, Samiya
245 ## - TITLE STATEMENT
Title Women and Law
Statement of responsibility, etc. Samiya Tabasum
260 ## - PUBLICATION, DISTRIBUTION, ETC. (IMPRINT)
Place of publication, distribution, etc. New Delhi
Name of publisher, distributor, etc. Satyam Law International
Date of publication, distribution, etc. 2016
300 ## - PHYSICAL DESCRIPTION
Extent xx, 606p.
942 ## - ADDED ENTRY ELEMENTS (KOHA)
Source of classification or shelving scheme Library of Congress Classification
Koha item type General Collection
Holdings
Withdrawn status Lost status Source of classification or shelving scheme Not for loan Home library Current library Date acquired Cost, normal purchase price Total Checkouts Full call number Barcode Date last seen Price effective from Koha item type
    Library of Congress Classification   Kabarak, Main Campus Kabarak, Main Campus 01/02/2019 12900.00   KNS516 .T33 2016 c.1 022507 01/02/2019 01/02/2019 General Collection